| 000 | 00641nam a2200229 a 4500 | ||
|---|---|---|---|
| 999 |
_c11501 _d11501 |
||
| 001 | 11501 | ||
| 003 | BD-JhCC | ||
| 005 | 20191019090848.0 | ||
| 008 | 180624b 2010bg ||||| ||a| 000 0 ben d | ||
| 020 | _a9847015601669 | ||
| 035 | _a(BD-JhCC)11501 | ||
| 040 |
_aBD-JhCC _dBD-JhCC |
||
| 041 | _aben | ||
| 082 |
_bMOU 2010 _a920 |
||
| 100 | _aমওদুদ, বেবী | ||
| 245 |
_aআমার রোকেয়া / _cবেবী মওদুদ । |
||
| 260 |
_aঢাকা: _bমাওলা ব্রাদার্স; _c2010. |
||
| 300 |
_a80 p. : _c22 cm |
||
| 650 | _aBiography | ||
| 942 |
_2ddc _cBK |
||